Top 100 Most Valuable Football (Soccer) Players 2018 - Statistics

General Stats
  • This quiz has been taken 7,166 times
  • The average score is 30 of 100
Answer Stats
Rank National Team Answer Est. Transfer Value, Million € % Correct
2 ARG Lionel Messi 202.2
100%
1 BRA Neymar Jr. 213.0
99%
4 FRA Kylian Mbappé 192.5
95%
3 ENG Harry Kane 194.7
94%
7 BEL Kevin de Bruyne 167.8
83%
49 POR Cristiano Ronaldo 80.4
79%
12 EGY Mohammed Salah 140.5
79%
14 URU Luis Suárez 128.7
76%
8 BEL Romelu Lukaku 164.8
76%
18 BEL Eden Hazard 119.6
75%
10 FRA Pogba 147.5
69%
9 FRA Antoine Griezmann 150.2
66%
21 POL Robert Lewandowski 107.5
66%
5 ARG Paulo Dybala 174.6
63%
28 ARG Sergio Agüero 98.7
60%
13 ENG Raheem Sterling 138.2
59%
69 SEN Sadio Mané 66.3
58%
53 GER Toni Kroos 76.0
52%
56 KOR Heung-Min Son 72.6
51%
15 ENG Marcus Rashford 126.8
50%
40 FRA N'Golo Kanté 87.4
50%
36 URU Edinson Cavani 92.5
47%
27 POR Bernardo Silva 98.8
46%
29 DEN Christian Eriksen 98.4
46%
81 BEL Thibaut Courtois 61.9
45%
- NED Virgil van Dijk 50.8
45%
91 ESP David Silva 54.3
44%
11 GER Leroy Sané 140.6
44%
6 ENG Dele Alli 171.3
43%
32 FRA Ousmane Dembélé 96.0
43%
16 BRA Philippe Coutinho 123.0
41%
23 BRA Roberto Firmino 102.9
41%
98 GER Joshua Kimmich 50.7
39%
19 ARG Gonzalo Higuaín 113.0
36%
96 ENG Harry Maguire 50.8
34%
72 GAB Pierre-Emerick Aubameyang 64.7
33%
74 CHI Alexis Sánchez 64.2
32%
77 BRA Carlos Casemiro 62.9
32%
64 COL Davinson Sánchez 68.5
30%
58 CRO Ivan Rakitić 72.3
30%
17 BRA Gabriel Jesus 122.6
29%
42 ENG Kyle Walker 87.1
29%
62 USA Christian Pulisic 69.4
28%
55 SVN Jan Oblak 74.8
27%
33 ENG John Stones 93.7
27%
25 FRA Samuel Umtiti 101.5
26%
20 ESP Álvaro Morata 108.0
25%
78 ITA Marco Verratti 62.8
23%
37 BEL Dries Mertens 89.8
22%
31 GER Marc-André ter Stegen 96.4
22%
45 ESP Isco Alarcón 85.4
21%
24 ITA Lorenzo Insigne 102.0
21%
59 BRA Marquinhos Aoás 71.8
21%
- ESP Sergio Busquets 58.4
21%
46 ITA Ciro Immobile 85.2
20%
- GER Timo Werner 87.4
20%
92 FRA Kingsley Coman 53.2
19%
22 ARG Mauro Icardi 104.5
19%
85 CRO Ivan Perišić 58.4
18%
67 SUI Granit Xhaka 68.0
17%
30 FRA Alexandre Lacazette 97.6
16%
48 FRA Anthony Martial 82.0
16%
80 SEN Kalidou Koulibaly 62.0
16%
73 BIH Edin Džeko 64.3
15%
50 BRA Fabinho Tavares 79.3
15%
94 ESP Marco Asensio 51.2
15%
87 SRB Sergej Milinković-Savić 58.2
15%
47 ARG Nicolás Otamendi 84.8
14%
71 ITA Federico Chiesa 65.1
13%
95 ITA Gianluigi Donnarumma 51.0
13%
38 ESP Koke Resurrección 89.0
12%
93 BEL Toby Alderweireld 52.7
10%
54 GER Antonio Rüdiger 75.4
9%
44 NED Georginio Wijnaldum 85.6
9%
68 GER Niklas Süle 66.8
9%
39 BEL Yannick Carrasco 88.4
9%
84 SRB Nemanja Matic 60.3
8%
57 FRA Thomas Lemar 72.5
8%
35 ENG Eric Dier 93.0
7%
90 POL Piotr Zieliński 54.7
7%
51 NGA Wilfred Ndidi 77.4
7%
75 GER Julian Draxler 63.6
6%
83 FRA Nabil Fekir 60.7
6%
100 DEN Andreas Christensen 50.2
5%
79 FRA Corentin Tolisso 62.6
5%
60 ALB Elseid Hysaj 70.5
5%
- SPA** Marcos Alonso 68.2
4%
65 ENG Alex Oxlade-Chamberlain 68.2
3%
61 ITA Andrea Belotti 70.4
3%
82 ESP César Azpilicueta 61.3
3%
76 FRA Florian Thauvin 63.2
3%
52 BEL Radja Nainggolan 77.1
3%
26 ESP Saúl Ñíguez 100.3
3%
63 ESP Héctor Bellerín 68.6
2%
70 GER Shkodran Mustafi 65.2
2%
43 FRA Tiémoué Bakayoko 86.3
2%
34 BRA Ederson Moraes 93.5
1%
99 ITA Lorenzo Pellegrini 50.6
1%
88 BRA Jemerson de Jesus 55.4
0%
89 ENG Nathan Redmond 55.0
0%
No matching quizzes found
Score Distribution
Percent of People with Each Score
Percentile by Number Answered
Your Score History
You have not taken this quiz